000 00355nam a2200133Ia 4500
008 220204s9999 xx 000 0 und d
082 _a58.083:577.1
_bRUB
100 _aARTSIKHOVSKAYA, V
245 0 _aBiochemistry and physiology of plant immunity
260 _aOxford
_bPergamon
_c1963
650 _aPlant immunity
700 _aRUBIN, B A
942 _cBK
999 _c21021
_d21021